000 00617nam a2200241Ia 4500
001 31882
005 20240114001544.0
007 ta
008 060814s g b000 u 346 u
040 _aCotton College,Assam
041 _a346
082 _a891.442
_bB 651 Sa
100 _aBasu, Buddhadev .
245 0 _aSangkranti /
_cBuddhadev Basu.
_hTextual Documents
250 _a1st ed. /
260 _aCalcutta :
_bAnanda Publishers Pvt.Ltd ,
_cnd.
300 _a115p. ;
_c20cm.
653 _aBengali Drama
653 _aG-Bengali
942 _2ddc
_cBK
999 _c31864
_d31864